01047 a2200205 45000010006000000050017000060080041000230030015000640400040000790800020001192450015001390200018001542640031001723000018002035050472002210410008006931000024007017000017007258560099007424595220260407155732.0260407a1979 arg spa dAR-UNSa-BCEJYS aAR-UNSa-BCEJYSbspacAR-UNSa-BCEJYS a330.14xCapital10aEl capital a968-419-074-3 1aMéxico :bGrijalboc1979 a64 p.c23 cm. aVOL. II. Libro primero: EL PROCESO DE PRODUCCIÓN DEL CAPITAL: Sección Primera: MERCANCÍA Y DINERO: Capítulo Primero: La mercancía: 1. Los dos factores de la mercancía: valor de uso y valor (substancia de valor, magnitud de valor) – 2. Dúplice carácter del trabajo representado en las mercancías – 3. La forma de valor, valor de cambio – 4. El carácter de fetiche de la mercancía y su secreto - - Capítulo segundo: El proceso de cambio. aspa1 aSacristán, Manuel1 aMarx, Carlos41uhttps://www.biblioeco.unsa.edu.ar/pmb/images/libros/L127239.jpgyImagen de portadaqimage/jpeg